| 000 | 00982nam a2200265Ia 4500 | ||
|---|---|---|---|
| 999 |
_c5650 _d5650 |
||
| 003 | OSt | ||
| 005 | 20200620225639.0 | ||
| 008 | 191128s2006 eu ad fr 000 0 eng d | ||
| 020 | _a131986430 | ||
| 040 |
_aCO-JMCR _cCO-JMCR |
||
| 041 | 0 | _aeng | |
| 082 | 0 | 4 |
_a332.6323 / _bF116b _223 |
| 100 | 1 |
_aFabozzi, Frank J., _eautor _95903 |
|
| 245 | 1 | 0 |
_aBond markets, analysis and strategies / _cFrank J. Fabozzi |
| 250 | _aSexta edición | ||
| 260 |
_aNew Jersey : _bPearson Prentice Hall, _c2006 |
||
| 300 |
_axvii, 760 páginas : _bgráficos a blanco y negro ; _c24 cm. |
||
| 505 | 0 | _aPrincing of Bonds -- Measuring Yield -- Bond price volatility -- Factors affecting bond yields and the term structurest rates -- Treasury and agency securities -- Corporate debt instruments | |
| 546 | _aTexto en inglés | ||
| 650 | 1 | 4 |
_aInversiones _95478 |
| 650 | 1 | 4 |
_aPortafolio de gestión _95904 |
| 650 | 1 | 4 |
_aMercado de bonos _95905 |
| 650 | 1 | 4 |
_aMercado bursátil _95906 |
| 942 |
_2ddc _cBK |
||